| 000 | 00915nam a2200217 i 4500 | ||
|---|---|---|---|
| 001 | 117440 | ||
| 003 | ES-MaACL | ||
| 005 | 20250929063156.0 | ||
| 007 | t| | ||
| 008 | 070214s1977 sp r ||||1| spa d | ||
| 100 | 0 |
_aPecha, Hernando, _d1567-1659 _989840 |
|
| 245 | 1 | 0 |
_aHistoria de Guadalaxara y como la religión de Sn. Geronymo en España fue fundada y restaurada por sus ciudadanos / _cHernando Pecha ; [estudio , transcripción y ordenación del testo por Antonio Herrera Casado]. |
| 260 |
_aGuadalajara : _bInstitución Provincial de Cultura `Marqués de Santillana`, _c1977. |
||
| 300 |
_a359 p. ; _c24 cm. |
||
| 610 | 0 | 4 |
_aJerónimos- _xHistoria. _95347 |
| 651 | 4 |
_aGuadalajara- _xHistoria. _98791 |
|
| 700 | 1 |
_aHerrera Casado, Antonio. _963214 |
|
| 710 | 2 |
_aInstitución Provincial de Cultura `Marqués de Santillana`. _94731 |
|
| 852 |
_aES-MaACL _jA-7066 _bR.96052 |
||
| 999 |
_c117440 _d117440 |
||